| 000 | 00876nam a2200229Ia 4500 | ||
|---|---|---|---|
| 001 | 21777 | ||
| 005 | 20260407143541.0 | ||
| 008 | 260320s9999||||xx |||||||||||||| ||und|| | ||
| 041 | _aESP | ||
| 082 |
_a616.0756 _bB17 |
||
| 100 |
_aBalcells-Gorina, Alfonso, _eAUT |
||
| 245 | 0 |
_aLa clínica y el laboratorio : _b(interpretación de análisis y pruebas funcionales) |
|
| 250 | _aCuarta edición corregida y aumentada | ||
| 260 |
_aBarcelona : _bEditorial Marín, _c1963 |
||
| 300 |
_axix, 466 páginas : _bplegados, tablas ; _c20 cm. |
||
| 650 | _aTCA | ||
| 653 | _aDiagnóstico de laboratorio; Pruebas de laboratorio - Análisis | ||
| 654 | _aCCS | ||
| 700 |
_aSoriano Jiménez, Máximo, _cPRO |
||
| 856 |
_uhttps://www-clinicalkey-com.ucsp.lookproxy.com/student/content/toc/3-s2.0-C20220023722 _zVersión digital (Vigésimo cuarta edición) |
||
| 942 |
_cLIB _dJUS _fMAT _2ddc |
||
| 999 |
_c21777 _d21777 |
||